Statistiken für Finden Sie in einer Minute drei vereinte Länder

Klicken Sie hier um das Quiz zu spielen!

Allgemein

  • Dieses Quiz wurde 275 mal gespielt
  • Das Durchschnittsergebnis liegt bei 4 aus 6

Antworten auf der Karte

Die Antworten werden auf der Karte rot bzw. grün angezeigt, abhängig davon wie oft sie richtig erraten wurden.
 

Antwortstatistiken

Gruppe NameLand% Korrekt
LänderAfghanistan
100%
LänderAfghanistan
100%
LänderAfghanistan
100%
LänderÄgypten
100%
LänderÄgypten
100%
LänderAlbanien
100%
LänderAlbanien
100%
LänderAlgerien
100%
LänderAlgerien
100%
LänderAlgerien
100%
LänderAngola
100%
LänderAngola
100%
LänderAngola
100%
LänderArgentinien
100%
LänderBangladesch
100%
LänderBelarus
100%
LänderBelgien
100%
LänderBenin
100%
LänderBolivien
100%
LänderBolivien
100%
LänderBrasilien
100%
LänderBrasilien
100%
LänderBrasilien
100%
LänderBrasilien
100%
LänderBrasilien
100%
LänderChina
100%
LänderChina
100%
LänderChina
100%
LänderDemokratische Republik Kongo
100%
LänderDemokratische Republik Kongo
100%
LänderDemokratische Republik Kongo
100%
LänderDemokratische Republik Kongo
100%
LänderDeutschland
100%
LänderDeutschland
100%
LänderDeutschland
100%
LänderEcuador
100%
LänderElfenbeinküste
100%
LänderEritrea
100%
LänderFinnland
100%
LänderFrankreich
100%
LänderFrankreich
100%
LänderGeorgien
100%
LänderGriechenland
100%
LänderGuinea
100%
LänderIndien
100%
LänderIndien
100%
LänderIndonesien
100%
LänderIrak
100%
LänderIrak
100%
LänderIrak
100%
LänderIran
100%
LänderIran
100%
LänderIran
100%
LänderIrland
100%
LänderJemen
100%
LänderJordanien
100%
LänderKambodscha
100%
LänderKanada
100%
LänderKirgisistan
100%
LänderKolumbien
100%
LänderKolumbien
100%
LänderLesotho
100%
LänderLettland
100%
LänderLettland
100%
LänderLettland
100%
LänderLibyen
100%
LänderLibyen
100%
LänderLitauen
100%
LänderMali
100%
LänderMali
100%
LänderMarokko
100%
LänderMongolei
100%
LänderMosambik
100%
LänderNamibia
100%
LänderNepal
100%
LänderNiederlande
100%
LänderNiger
100%
LänderNordmazedonien
100%
LänderOman
100%
LänderÖsterreich
100%
LänderÖsterreich
100%
LänderÖsterreich
100%
LänderPakistan
100%
LänderPapua-Neuguinea
100%
LänderParaguay
100%
LänderPeru
100%
LänderPeru
100%
LänderPeru
100%
LänderPolen
100%
LänderRumänien
100%
LänderRussland
100%
LänderRussland
100%
LänderRussland
100%
LänderRussland
100%
LänderRussland
100%
LänderSambia
100%
LänderSenegal
100%
LänderSpanien
100%
LänderSüdafrika
100%
LänderSudan
100%
LänderSudan
100%
LänderSüdsudan
100%
LänderSyrien
100%
LänderTadschikistan
100%
LänderTogo
100%
LänderTschechien
100%
LänderTschechien
100%
LänderTschechien
100%
LänderTürkei
100%
LänderTürkei
100%
LänderTurkmenistan
100%
LänderUkraine
100%
LänderUngarn
100%
LänderUruguay
100%
LänderVenezuela
100%
LänderVereinigtes Königreich
100%
LänderVereinigte Staaten
100%
LänderVietnam
100%
LänderZentralafrikanische Republik
100%
LänderFrankreich
88%
LänderEcuador
86%
LänderPeru
86%
LänderPortugal
86%
LänderSpanien
86%
LänderSudan
86%
LänderArgentinien
80%
LänderÄthiopien
80%
LänderChile
80%
LänderDeutschland
80%
LänderMali
80%
LänderPolen
80%
LänderSudan
80%
LänderBelarus
75%
LänderBelgien
75%
LänderBosnien und Herzegowina
75%
LänderChina
75%
LänderChina
75%
LänderIran
75%
LänderItalien
75%
LänderKambodscha
75%
LänderKasachstan
75%
LänderKasachstan
75%
LänderMyanmar
75%
LänderNiger
75%
LänderÖsterreich
75%
LänderPakistan
75%
LänderPolen
75%
LänderSerbien
75%
LänderSudan
75%
LänderThailand
75%
LänderUsbekistan
75%
LänderZentralafrikanische Republik
75%
LänderLibyen
71%
LänderAlgerien
67%
LänderBotswana
67%
LänderBrasilien
67%
LänderChina
67%
LänderElfenbeinküste
67%
LänderGuyana
67%
LänderIndien
67%
LänderIrak
67%
LänderKolumbien
67%
LänderLiberia
67%
LänderNamibia
67%
LänderNiger
67%
LänderNordkorea
67%
LänderÖsterreich
67%
LänderParaguay
67%
LänderRepublik Kongo
67%
LänderSudan
67%
LänderSudan
67%
LänderSüdsudan
67%
LänderTadschikistan
67%
LänderTschad
67%
LänderTschad
67%
LänderTschad
67%
LänderTunesien
67%
LänderTürkei
67%
LänderTurkmenistan
67%
LänderUngarn
67%
LänderUsbekistan
67%
LänderUsbekistan
67%
LänderVenezuela
67%
LänderAlgerien
60%
LänderBosnien und Herzegowina
60%
LänderBrasilien
60%
LänderKamerun
60%
LänderKroatien
60%
LänderKroatien
60%
LänderNiger
60%
LänderOman
60%
LänderSaudi-Arabien
60%
LänderSüdsudan
60%
LänderTschad
60%
LänderUngarn
60%
LänderZentralafrikanische Republik
60%
LänderFrankreich
57%
LänderItalien
57%
LänderAlgerien
50%
LänderArgentinien
50%
LänderÄthiopien
50%
LänderÄthiopien
50%
LänderBelarus
50%
LänderBelarus
50%
LänderBelarus
50%
LänderBotswana
50%
LänderBulgarien
50%
LänderBurkina Faso
50%
LänderChina
50%
LänderDeutschland
50%
LänderDeutschland
50%
LänderEritrea
50%
LänderGeorgien
50%
LänderGuyana
50%
LänderIndien
50%
LänderIndien
50%
LänderItalien
50%
LänderJemen
50%
LänderKamerun
50%
LänderKamerun
50%
LänderKolumbien
50%
LänderLaos
50%
LänderLaos
50%
LänderLaos
50%
LänderLaos
50%
LänderLibyen
50%
LänderLibyen
50%
LänderLitauen
50%
LänderMali
50%
LänderMauretanien
50%
LänderMoldawien
50%
LänderNiederlande
50%
LänderNiger
50%
LänderNigeria
50%
LänderPakistan
50%
LänderRumänien
50%
LänderRumänien
50%
LänderRussland
50%
LänderRussland
50%
LänderSaudi-Arabien
50%
LänderSaudi-Arabien
50%
LänderSchweiz
50%
LänderSchweiz
50%
LänderSimbabwe
50%
LänderSlowakei
50%
LänderSlowenien
50%
LänderSüdafrika
50%
LänderSüdsudan
50%
LänderSuriname
50%
LänderThailand
50%
LänderTschechien
50%
LänderUganda
50%
LänderUkraine
50%
LänderUruguay
50%
LänderVereinigte Arabische Emirate
50%
LänderVereinigte Staaten
50%
LänderZentralafrikanische Republik
50%
LänderAserbaidschan
40%
LänderGuyana
40%
LänderRussland
40%
LänderSambia
40%
LänderÄthiopien
33%
LänderBhutan
33%
LänderBotswana
33%
LänderChina
33%
LänderChina
33%
LänderEstland
33%
LänderGabun
33%
LänderGuatemala
33%
LänderJordanien
33%
LänderMali
33%
LänderMexiko
33%
LänderMongolei
33%
LänderNorwegen
33%
LänderRepublik Kongo
33%
LänderRumänien
33%
LänderRussland
33%
LänderSchweden
33%
LänderSenegal
33%
LänderSerbien
33%
LänderSomalia
33%
LänderSüdafrika
33%
LänderSüdsudan
33%
LänderSyrien
33%
LänderTadschikistan
33%
LänderThailand
33%
LänderTschad
33%
LänderVenezuela
33%
LänderZentralafrikanische Republik
33%
LänderZentralafrikanische Republik
33%
LänderFinnland
25%
LänderVietnam
25%
LänderBurkina Faso
20%
LänderChina
20%
LänderMali
20%
LänderMoldawien
20%
LänderNepal
20%
LänderSimbabwe
20%
LänderUkraine
20%
LänderMyanmar
17%
LänderThailand
17%
LänderAfghanistan
0%
LänderArgentinien
0%
LänderArgentinien
0%
LänderArmenien
0%
LänderAserbaidschan
0%
LänderÄthiopien
0%
LänderBenin
0%
LänderBhutan
0%
LänderBolivien
0%
LänderBolivien
0%
LänderBolivien
0%
LänderBrasilien
0%
LänderBrasilien
0%
LänderBulgarien
0%
LänderBurkina Faso
0%
LänderBurkina Faso
0%
LänderChile
0%
LänderChina
0%
LänderChina
0%
LänderChina
0%
LänderDemokratische Republik Kongo
0%
LänderDemokratische Republik Kongo
0%
LänderDominikanische Republik
0%
LänderElfenbeinküste
0%
LänderElfenbeinküste
0%
LänderElfenbeinküste
0%
LänderEstland
0%
LänderFinnland
0%
LänderFrankreich
0%
LänderGhana
0%
LänderGhana
0%
LänderGhana
0%
LänderGriechenland
0%
LänderGuatemala
0%
LänderGuinea
0%
LänderGuinea
0%
LänderGuinea
0%
LänderGuinea
0%
LänderHaiti
0%
LänderHonduras
0%
LänderHonduras
0%
LänderIndien
0%
LänderIndonesien
0%
LänderIrak
0%
LänderIran
0%
LänderIran
0%
LänderJordanien
0%
LänderKambodscha
0%
LänderKamerun
0%
LänderKasachstan
0%
LänderKasachstan
0%
LänderKenia
0%
LänderKenia
0%
LänderKenia
0%
LänderKenia
0%
LänderKirgisistan
0%
LänderKirgisistan
0%
LänderLaos
0%
LänderLettland
0%
LänderLiberia
0%
LänderLiberia
0%
LänderLibyen
0%
LänderMalawi
0%
LänderMalaysia
0%
LänderMalaysia
0%
LänderMali
0%
LänderMarokko
0%
LänderMauretanien
0%
LänderMauretanien
0%
LänderMauretanien
0%
LänderMexiko
0%
LänderMosambik
0%
LänderMosambik
0%
LänderMosambik
0%
LänderMosambik
0%
LänderMyanmar
0%
LänderMyanmar
0%
LänderNamibia
0%
LänderNicaragua
0%
LänderNiger
0%
LänderNigeria
0%
LänderNigeria
0%
LänderNordkorea
0%
LänderNordmazedonien
0%
LänderNorwegen
0%
LänderOman
0%
LänderPakistan
0%
LänderParaguay
0%
LänderPolen
0%
LänderPolen
0%
LänderRepublik Kongo
0%
LänderRepublik Kongo
0%
LänderRumänien
0%
LänderRussland
0%
LänderSambia
0%
LänderSambia
0%
LänderSaudi-Arabien
0%
LänderSaudi-Arabien
0%
LänderSchweden
0%
LänderSchweiz
0%
LänderSenegal
0%
LänderSerbien
0%
LänderSierra Leone
0%
LänderSierra Leone
0%
LänderSimbabwe
0%
LänderSlowakei
0%
LänderSlowakei
0%
LänderSomalia
0%
LänderSüdafrika
0%
LänderSüdkorea
0%
LänderSuriname
0%
LänderSyrien
0%
LänderTadschikistan
0%
LänderTansania
0%
LänderTansania
0%
LänderTogo
0%
LänderTunesien
0%
LänderTürkei
0%
LänderTürkei
0%
LänderTurkmenistan
0%
LänderUganda
0%
LänderUganda
0%
LänderUkraine
0%
LänderUkraine
0%
LänderUngarn
0%
LänderVereinigte Arabische Emirate
0%
LänderVietnam
0%

Verteilung der Resultate

Perzentil nach korrekt beantworteten Fragen

Anzahl Personen mit jedem Resultat

Ihre Resultats-Entwicklung

Sie haben dieses Quiz noch nicht gespielt